|
|
|
|
| LEADER |
00555nam a22001691a 4500 |
| 020 |
|
|
|a 9780761943396
|c 0.00
|
| 040 |
|
|
|a SSUS - Library - Kalady
|
| 082 |
|
|
|a 004.678
|b BAK/I
|
| 100 |
|
|
|a Bakardjieva Maria
|
| 245 |
|
|
|a Internet Society
|h [Text]
|
| 260 |
|
|
|a London
|b Sage
|c 2006
|
| 300 |
|
|
|a 220p.
|
| 600 |
|
|
|a Internet Social Aspects
|
| 852 |
|
|
|h 004.678
|i BAK/I
|p 053030
|9 1851.07
|t 0
|
| 942 |
|
|
|c BK
|
| 999 |
|
|
|c 20522
|d 20522
|
| 952 |
|
|
|0 0
|1 0
|4 0
|6 004_678000000000000_BAK_I
|7 0
|9 28810
|a SSUS
|b SSUS
|d 2015-01-08
|g 1851.07
|o 004.678 BAK/I
|p 053030
|r 2015-01-08
|v 0.00
|w 2015-01-08
|y BK
|